Hungary-United States Relations under Obama and Trump Administration

Narušená liberálna demokracia v Maďarsku a reakcie Obamovej administratívy. Zmeny vo vzťahoch medzi USA a Maďarskom za vlády Trumpa. Spolupráca v oblasti obrany. Energetický sektor vo vzťahoch s Maďarskom a Amerikou za vlády Trumpa.

Guardado en:
Detalles Bibliográficos
Autor principal: Kurucz, Milan, 1954-
Formato: Capítulo de libro
Lenguaje:inglés
Materias:
Etiquetas: Agregar Etiqueta
Sin Etiquetas, Sea el primero en etiquetar este registro!

MARC

LEADER 00000naa a2200000 4500
001 0271161
005 20240502074247.6
041 0 |a eng 
044 |a SK 
245 1 0 |a Hungary-United States Relations under Obama and Trump Administration  |c Milan Kurucz 
520 |a Narušená liberálna demokracia v Maďarsku a reakcie Obamovej administratívy. Zmeny vo vzťahoch medzi USA a Maďarskom za vlády Trumpa. Spolupráca v oblasti obrany. Energetický sektor vo vzťahoch s Maďarskom a Amerikou za vlády Trumpa. 
610 2 0 |a vzťahy bilaterálne 
610 2 0 |a demokracia 
610 2 0 |a politika zahraničná 
610 2 0 |a Európa 
610 2 0 |a Maďarsko 
610 2 0 |a USA 
100 1 |a Kurucz, Milan, 1954-